=LDR 00000nam 2200000 4500 =001 INLIS000000000042460 =005 20200211070443 =035 ##$$a 0010-101300000000382 =008 200211################g##########0#ind## =041 ##$$a ind =082 ##$$a 004.03 =090 ##$$a 004.03, Tia k =100 ##$$a Tia Malik =245 1#$$a Kamus Istilah Komputer /$c Tia Malik =260 ##$$a Jakarta :$b Galeri Lontara,$c 2010 =300 ##$$a iv, 76 hlm. : $b Ilus, ; $c 21 x 30 cm =650 #4$$a KOMPUTER-KAMUS =850 ##$$a NBPNMAT =020 ##$$a 979-9490-60-8 =084 ##$$a 004.03 TIA k =250 ##$$a Cet.1 =520 ##$$a Bibliografi : hlm. 76 =990 ##$$a 21302041 =990 ##$$a 21302040 =990 ##$$a 21302038 =990 ##$$a 21302039